Constitucionalismo del Sur Global

Detalles Bibliográficos
Autor principal: Bonilla Maldonado, Daniel
Formato: eBook
Lenguaje:español
Publicado: Bogot:̀ Siglo del Hombre Editores, 2015
Materias:
Acceso en línea:Acceso restringido

MARC

LEADER 00000nam a22000007a 4500
005 20210430210118.0
007 cr|||| ||||
008 210430s2015 co |||||s|||| 00||0 spa d
020 |a 978-958-665-330-5 
035 |a 33206 
040 |a vLex 
090 |c 11574  |d 11574 
100 1 |a Bonilla Maldonado, Daniel 
245 1 0 |a Constitucionalismo del Sur Global  |h [Recurso electrn̤ico] /  |c Daniel Bonilla Maldonado 
256 |a Servicio en ln̕ea 
260 |a Bogot:̀  |b Siglo del Hombre Editores,  |c 2015 
300 |a 1 recurso electrn̤ico 
500 |a El Tribunal Supremo indio, El Tribunal Constitucional sudafricano y la Corte Constitucional colombiana son tres de los tribunales ms̀ importantes y creativos del Sur Global. Este libro explora de manera detallada la jurisprudencia de estos tres tribunales sobre: derechos sociales y econm̤icos, diversidad cultural y acceso a la justicia. Temas relacionados directamente con la pobreza y la desigualdad, la violencia polt̕ica, las minora̕s culturales y la consolidacin̤ del Estado de derecho. Este libro es una contribucin̤ valiosa a la discusin̤ sobre los lm̕ites y estructura del constitucionalismo contemporǹeo. 
506 1 |a Disponible solo en los productos indicados  |d vLex Global  |d vLex Global (Academic Edition, excluding Law Schools)  |d vLex Global (U.S. Academic Edition, Law Schools)  |d vLex Global (U.S. Academic Edition, excluding Law Schools)  |d vLex Global (Academic Edition, Law Schools) 
650 0 4 |a Derecho Constitucional  |z Colombia 
740 0 |a vLex Libros (Servicio en ln̕ea) 
856 4 0 |u https://vlex.com/source/constitucionalismo-del-sur-global-33206  |z Acceso restringido 
942 |c BOOK 
999 0 |a Constitutional right